000 00440nam a2200157Ia 4500
999 _c13947
_d13947
003 OSt
005 20260416155949.0
008 260210s9999 xx 000 0 und d
020 _a9781957183688
100 _a Frank Jacobus and others
245 0 _aArtificial Intelligent Architecture: New Paradigms in Architectural Practice and Production
260 _b ‎ ORO Editions
260 _c2023
300 _a 300 pages
942 _cRD
_2ddc